| 000 | 00736nam a22002412 4500 | ||
|---|---|---|---|
| 001 | 0000002490 | ||
| 005 | 20151217155203.0 | ||
| 008 | 070411s xx 000 0 eng d | ||
| 020 | _cKES 1,900 | ||
| 040 |
_aKABU _cKABU |
||
| 050 | 0 |
_aHF5635 _b.C474 1995 |
|
| 100 | 1 |
_aChasteen, Lanny G. _@0000151855 |
|
| 245 | 1 | 0 |
_aIntermediate accounting / _cLanny G. Chasteen, Richard E. Flaherty and Melvin C. O'Conor. |
| 250 | _a5th ed. | ||
| 260 |
_aNew York : _bMcGraw-Hill, _c1995. |
||
| 300 | _a1201 p. | ||
| 650 | 0 |
_aAccounting. _@0000148321 |
|
| 700 | 1 |
_aFlaherty, Richard E. _@0000151856 |
|
| 700 | 1 |
_aO'Conor, Melvin C. _@0000151857 |
|
| 908 | _a070411 | ||
| 950 | _@1 | ||
| 999 |
_c11861 _d11861 |
||